Brexit: první krok k rozpadu Evropské unie?
Od vstupu Veľkej Británie do Európskeho spoločenstva k rozhodnutiu o odchode z Európskej únie. Bezprostredné dôsledky referenda a cesta k vystúpeniu Veľkej Británie z Európskej únie.
Salvato in:
| Autore principale: | |
|---|---|
| Natura: | Capitolo di libro |
| Lingua: | ceco |
| Soggetti: | |
| Tags: |
Nessun Tag, puoi essere il primo ad aggiungerne!!
|
MARC
| LEADER | 00000naa a2200000 4500 | ||
|---|---|---|---|
| 001 | 0226839 | ||
| 005 | 20220713131026.7 | ||
| 041 | 0 | |a cze | |
| 044 | |a CZ | ||
| 245 | 1 | 0 | |a Brexit: první krok k rozpadu Evropské unie? |c Jiří Malý |
| 520 | |a Od vstupu Veľkej Británie do Európskeho spoločenstva k rozhodnutiu o odchode z Európskej únie. Bezprostredné dôsledky referenda a cesta k vystúpeniu Veľkej Británie z Európskej únie. | ||
| 610 | 2 | 0 | |a Európska únia |
| 610 | 2 | 0 | |a integrácia ekonomická medzinárodná |
| 610 | 2 | 0 | |a ukazovatele makroekonomické |
| 610 | 2 | 0 | |a Veľká Británia |
| 610 | 2 | 0 | |a spolupráca hospodárska medzinárodná |
| 100 | 1 | |a Malý, Jiří | |